Responses for show #3390 - Friday, May 7, 1999

1999 College Championship quarterfinal game 5.
From the Rosemont Theatre in Rosemont, Illinois.

Contestants

Tara Crabtree, a senior at the University of Washington from Seattle, Washington

Cameron Blakemore, a junior at Oklahoma State University from Shawnee, Oklahoma

Whitney Owens, a senior at Northwestern University from Overland Park, Kansas

Jeopardy! Round responses

"MOTHER"s DAY
NATIONS' MOST POPULOUS CITIES
...AND WE LIKED IT!
MICHAEL JORDAN
ROYALTY
IT'S NOT ALEX TREBEK
    $100 1
Old Mother Hubbard

Cameron
    $100 7
Dublin

Cameron
    $100 12
Cranks

Cameron
    $100 21
Nike

Cameron
    $100 5
(W: What is 2?)

1 (Jane Seymour)

WhitneyCameron
    $100 26
Pat Nixon

Triple Stumper
    $200 2
"Mother of Presidents"

Triple Stumper
    $200 8
Sydney

Whitney
    $200 13
Razor blades

Whitney
    $200 22
Aquarius

Tara
    $200 17
(Tara: What is...)

Brazil

CameronTara
    $200 27
Spiro Agnew

Whitney
    $300 3
Mother lode

Whitney
    $300 9
(T: What is Vancouver?)

Toronto

WhitneyTara
    $500 14
Teflon

Whitney
    $300 23
University of North Carolina

Whitney
    $300 18
Crusades

Tara
    $300 28
Jimmy Carter

Tara
    $400 4
Mother tongue

Tara
    $400 10
Karachi

Triple Stumper
    $400 15
Carbon

Whitney
    $400 24
Los Angeles

Cameron
    $400 19
Mary, Queen of Scots

Tara
    $400 29
Nikita Khrushchev

Cameron
    $500 6
Mother Teresa

Cameron
    $500 11
Casablanca

Triple Stumper
    $500 16
Slide rule

Tara
    $500 25
(C: Who is Kareem Abdul-Jabbar?)

Wilt Chamberlain

Cameron
Triple Stumper
    $500 20
(W: What is Josephine?)

Eugenie

Whitney
Triple Stumper
    $500 30
(W: Who is Millie?)

Checkers

Whitney
Triple Stumper

Scores at the first commercial break (after clue 14):

Whitney Cameron Tara
$1,400 $900 $100

Scores at the end of the Jeopardy! Round:

Whitney Cameron Tara
$1,300 $1,500 $1,600

Double Jeopardy! Round responses

CELEBRITY DAUGHTERS & MOMS
THE SCIENCE OF COLOR
FAMOUS VEHICLES
THE 19th CENTURY
BEFORE & AFTER
THE LAST CATEGORY
    $200 26
Janet Leigh

Triple Stumper
    $200 3
Green

Cameron
    $200 13
Gondolas

Tara
    $200 8
Japan

Cameron
    $200 1
Diana Ross Perot

Whitney
    $200 21
Johnny Carson

Cameron
    $400 27
Debbie Reynolds

Whitney
    $400 4
Complementary colors

Whitney
    $400 14
Herbie

Cameron
    $400 9
(W: Who are Marx & Engel?)

Karl Marx & Friedrich Engels

Whitney
Triple Stumper
    $400 2
Billy Crystal Cathedral

Tara
    $400 22
Last rites

Whitney
    $500 30
(W: [no response])

Natalie Wood

Whitney
    $600 18
(W: What is light?)

Spectrum

WhitneyCameron
    $600 15
Mayflower

Cameron
    $600 10
Steel

Triple Stumper
    $600 5
(C: What is the Natural Museum of Art Garfunkel?)
(W: What is the Metropolitan Museum of Art Garfunkel?)

The Museum of Modern Art Garfunkel

WhitneyCameron
Triple Stumper
    $600 23
(with about a minute to go...)

"Call of the Wild"

Whitney
    $800 29
Tippi Hedren

Triple Stumper
    $800 19
Hue

Triple Stumper
    $800 16
Nautilus

Whitney
    $500 11
(C: What is gradualism?)

Geology

Cameron
    $800 6
Billy Bob Thornton Wilder

Whitney
    $800 24
Hank Aaron

Tara
    $1000 28
Goldie Hawn

Triple Stumper
    $1000 20
(W: What is a wave...lightwave?)

Wavelength

WhitneyCameron
    $1000 17
Pueblo

Triple Stumper
    $1000 12
(C: What is Texas?)

Florida

Cameron
Triple Stumper
    $1000 7
(T: Who is Ricky Martin Buchanan?)

Ricky Martin Van Buren

Tara
Triple Stumper
    $1000 25
Antonin Dvorak

Triple Stumper

Scores at the end of the Double Jeopardy! Round:

Whitney Cameron Tara
$1,800 $2,600 $2,000

Final Jeopardy! Round responses

FROM BOOK TO FILM
[The four wildcard semifinalists are Veronica Lee, Meg Audette, Josh Levy & Whitney Owens.]
WhitneyWhat is "Patch Adams"?
$1,000
TaraWhat is ?
$1,500
CameronWhat is Patch Adams
$1,401
Patch Adams

Final scores:

Whitney Cameron Tara
$2,800 $4,001 $500
2nd place: $2,500 if eliminated Automatic semifinalist 3rd place: $2,500 if eliminated

Game dynamics:

Coryat scores:

Whitney Cameron Tara
$2,100 $3,100 $2,000
15 R
(including 1 DD),
8 W
(including 1 DD)
16 R,
4 W
(including 1 DD)
9 R,
3 W

Combined Coryat: $7,200

The J! Archive is created by fans, for fans. The Jeopardy! game show and all elements thereof, including but not limited to copyright and trademark thereto, are the property of Jeopardy Productions, Inc. and are protected under law. This website is not affiliated with, sponsored by, or operated by Jeopardy Productions, Inc. Join the discussion at JBoard.tv.